caramel - conan gray (lyrics) - Statistics

General Stats
  • This quiz has been taken 51 times
  • The average score is 188 of 245
Answer Stats
Hint Answer % Correct
I
100%
in
100%
the
100%
we
100%
you
100%
You
100%
your
100%
Verse 2 Your
100%
all
97%
that
97%
can
93%
Verse 1 Well,
93%
well
93%
we're
93%
it
90%
Chorus It
90%
on
90%
when
90%
with
90%
back
86%
my
86%
caramel,
83%
caramel
83%
kind
83%
mind
83%
moment,
83%
no
83%
of
83%
so
83%
sweet
83%
Bridge Sweet
83%
it's
79%
now
79%
now,
79%
Now
79%
One,
79%
one
79%
think
79%
weren't
79%
you're
79%
And
76%
and
76%
me
76%
me,
76%
Oh,
76%
(Ooh-ooh)
76%
out
76%
over
76%
to
76%
But
72%
but,
72%
inside
72%
is
72%
time
72%
want
72%
was
72%
burn
69%
'cause
69%
hear
69%
just
69%
kiss
69%
memory
69%
see
69%
act
66%
can't
66%
cool
66%
cried
66%
man,
66%
mouth
66%
real
66%
down
62%
feelings
62%
get
62%
making
62%
soft
62%
taste
62%
two
62%
won't
62%
couch
59%
gaslighted
59%
ignoring
59%
they
59%
town,
59%
town
59%
went
59%
at
55%
believed
55%
breath
55%
Come
55%
Chorus Did
55%
Drunk,
55%
find
55%
fucking
55%
had
55%
heard
55%
house,
55%
know
55%
open
55%
there's
55%
Yeah,
55%
bad
52%
coffee
52%
friends
52%
losing
52%
reason
52%
sleeping
52%
thinking
52%
what
52%
love
48%
past
48%
space
48%
amber
45%
cigarette
45%
clouds
45%
deserved
45%
miss
45%
nights
45%
worst
45%
wrong
45%
around,
41%
as
41%
coming
41%
grounds
41%
'Til
41%
Promises
38%
grin's
34%
lies
34%
Maple
34%
spoken,
34%
thick
28%
wide-eyed
24%
No matching quizzes found
Score Distribution
Percent of People with Each Score
Percentile by Number Answered
Your Score History
You have not taken this quiz